West End office quarterly review. - Second quarter - Fourth quarter 1992 (Record no. 90975)

MARC details
000 -LEADER
fixed length control field 00583cam a2200217 4500
001 - CONTROL NUMBER
control field J1098
008 - FIXED-LENGTH DATA ELEMENTS--GENERAL INFORMATION
fixed length control field 090401t xxu||||| |||| 00| 0 eng d
035 ## - SYSTEM CONTROL NUMBER
System control number (Sirsi) u41744
041 ## - LANGUAGE CODE
Language code of text/sound track or separate title eng
050 ## - LIBRARY OF CONGRESS CALL NUMBER
Classification number 333.3370942132
110 ## - MAIN ENTRY--CORPORATE NAME
Corporate name or jurisdiction name as entry element Jones Lang Wootton
9 (RLIN) 2909
245 ## - TITLE STATEMENT
Title West End office quarterly review. - Second quarter - Fourth quarter 1992
260 ## - PUBLICATION, DISTRIBUTION, ETC.
Place of publication, distribution, etc. London
Name of publisher, distributor, etc. Jones Lang Wootton
Date of publication, distribution, etc. 1992-93
300 ## - PHYSICAL DESCRIPTION
Extent 3 pt. ; 30cm.
350 ## - PRICE (NR) (BK AM CF MU VM SE) [OBSOLETE]
Price 0
650 ## - SUBJECT ADDED ENTRY--TOPICAL TERM
Topical term or geographic name entry element OFFICES
650 ## - SUBJECT ADDED ENTRY--TOPICAL TERM
Topical term or geographic name entry element WEST END OF LONDON
690 ## - LOCAL SUBJECT ADDED ENTRY--TOPICAL TERM (OCLC, RLIN)
Topical term or geographic name as entry element PROPERTY-COMMERCIAL PROPERTY
942 ## - ADDED ENTRY ELEMENTS (KOHA)
Suppress in OPAC 0
948 ## - LOCAL PROCESSING INFORMATION (OCLC); SERIES PART DESIGNATOR (RLIN)
c (OCLC) 04/03/1997
Holdings
Withdrawn status Lost status Source of classification or shelving scheme Damaged status Not for loan Home library Current library Shelving location Date acquired Total Checkouts Full call number Barcode Date last seen Copy number Price effective from Koha item type Date last checked out
    Dewey Decimal Classification     London London Property market reports 10/11/1992   PROPERTY MARKET REPORTS 30037422 06/08/2019 1 06/08/2019 Book  
    Dewey Decimal Classification     London London Property market reports 10/11/1992   PROPERTY MARKET REPORTS 30037423 06/08/2019 2 06/08/2019 Book  
    Dewey Decimal Classification     London London Property market reports 25/02/1993 1 PROPERTY MARKET REPORTS 30038134 06/08/2019 3 06/08/2019 Book 25/11/1999